Riconosci la Squadra di calcio - Quiz n°265 - Statistics

Statistiche generali
  • Questo quiz è stato fatto 73 volte
  • Il punteggio medio è 6 su 10
Statistiche sulle risposte
Indizio Risposta % Corretto
Colori sociali Rosso, bianco, blu
87%
Simboli Coccodrillo
79%
Titoli nazionali 12 Campionati ecuadoriani
70%
Confederazione CONMEBOL
65%
Divisione nazionale 2023-2024 Prima
54%
Trofei nazionali 1 Copa Ecuador 2 Supercoppa ecuadoriana
52%
Fondazione 1930
49%
Capienza Stadio 55 104 posti
46%
Trofei internazionali 1 Coppe Libertadores
2 Coppe Sudamericane
2 Recope Sudamericane
44%
Squadra LDU de Quito
25%
Nessun quiz corrispondente trovato
Distribuzione punteggi
Percentuale di utenti per punteggio
Percentile per numero di risposta
I tuoi punteggi nel tempo
Non hai fatto questo quiz